• 首页
  • 本馆介绍
  • 公告通知
  • 最新文献
  • 馆藏检索
  • 电子资源
  • 读者导购
  • 参考咨询
  • 我的图书馆
  • 登录
  • 详细信息显示
  • 放入我的书架
  • 预约/预借图书
  • 作者相关作品
  • 分类相关作品
  • 丛书相关作品
  • 出版社相关作品

书目信息

  • 表格格式
  • 工作单格式
  • 卡片格式
题名:
这样逃生最有效
    
 
作者: 叶轻舟 编著
分册:  
出版信息: 长春   吉林人民出版社  2005.07
页数: 341页
开本: 20cm
丛书名:
单 册:
中图分类: X4 , X956
科图分类:
主题词: 灾害防治--基本知识 , 生活--安全--基本知识 , 灾害防治 , 生活 , 安全
电子资源:
ISBN: 7-206-04171-X
000 01057nam0 2200325 45
001 0120066000835
005 20061010082922.35
010    @a7-206-04171-X@dCNY25.00
092    @aCN@b485510
100    @a20060119d2005 em y0chiy0120 ea
101 0  @achi
102    @aCN@b220000
105    @aa z 001yy
200 1  @a这样逃生最有效@Azhe yang tao sheng zui you xiao@e58种危急状态自救指南@f叶轻舟编著@Fye qing zhou bian zhu
205    @a2版
210    @a长春@c吉林人民出版社@d2005.07
215    @a341页@c图@d20cm
330    @a本书列举的58种危急状况都是直接关系到生死存亡的紧急状况,如:自然灾害、人为危险、紧急突发事件,针对这些本书提出了相应的解决之道和自救方法。
517 1  @a58种危急状态自救指南@A58 zhong wei ji zhuang tai zi jiu zhi nan
606 0  @a灾害防治@x基本知识
606 0  @a生活@x安全@x基本知识
606 0  @a灾害防治
606 0  @a生活
606 0  @a安全
690    @aX4@v4
690    @aX956@v4
701  0 @a叶轻舟@Aye qing zhou@4编著
801  0 @aCN@bLZJBOOK@c20061010
905    @aBZT@dX4@e5
906    @dCNY38.50@n0@r1
    
    这样逃生最有效:58种危急状态自救指南/叶轻舟编著.-2版.-长春:吉林人民出版社,2005.07
    341页:图;20cm
    
    
    ISBN 7-206-04171-X:CNY25.00
    本书列举的58种危急状况都是直接关系到生死存亡的紧急状况,如:自然灾害、人为危险、紧急突发事件,针对这些本书提出了相应的解决之道和自救方法。
●
相关链接 在五车中查询图书 在当当中查询图书 在豆瓣中查询图书


正题名:这样逃生最有效     索取号:X4/5         预约/预借

序号 登录号 条形码 馆藏地/架位号 状态 备注
1 456629   230013127   中心书库北库/ 北库002架A面4列2层3/ [索取号:X4/5] 在馆    
2 456630   230013126   中心书库北库/ 北库002架A面4列2层4/ [索取号:X4/5] 在馆    
3 456631   230013125   中心书库北库/ 北库002架A面4列2层1/ [索取号:X4/5] 在馆    
4 456632   230013124   中心书库北库/ 北库002架A面4列2层5/ [索取号:X4/5] 在馆    
5 456633   230013123   中心书库北库/ 北库002架A面4列2层2/ [索取号:X4/5] 在馆    
6 491624   230023102   中心书库北库/ 北库002架A面4列1层50/ [索取号:X4/5] 在馆    
7 491625   230023101   中心书库北库/ 北库002架A面4列1层52/ [索取号:X4/5] 在馆    
8 491626   230023104   中心书库北库/ 北库002架A面4列2层46/ [索取号:X4/5] 在馆    
9 491627   230023103   中心书库北库/ 北库002架A面4列1层54/ [索取号:X4/5] 在馆    
10 491628   230023105   中心书库北库/ 北库002架A面4列1层49/ [索取号:X4/5] 在馆    
山东省滨州职业学院图书馆 欢迎您!
大连网信软件有限公司© 版权所有